A manual of the anti-corruption laws of Pakistan : (Record no. 53229)
[ view plain ]
| 000 -LEADER | |
|---|---|
| fixed length control field | 00808nam a2200241 a 4500 |
| 001 - CONTROL NUMBER | |
| control field | 53229 |
| 003 - CONTROL NUMBER IDENTIFIER | |
| rucl marc code | BD-RjUL |
| 005 - DATE AND TIME OF LATEST TRANSACTION | |
| control field | 20211209075928.0 |
| 008 - FIXED-LENGTH DATA ELEMENTS--GENERAL INFORMATION | |
| fixed length control field | 161004s1967 pk 001 0 eng d |
| 035 ## - SYSTEM CONTROL NUMBER | |
| System control number | (BD-RjUL)53349 |
| 040 ## - CATALOGING SOURCE | |
| Original cataloging agency | SBL |
| Transcribing agency | SBL |
| Modifying agency | BD-RjUL |
| Language of cataloging | eng |
| 041 ## - LANGUAGE CODE | |
| Language code of text/sound track or separate title | eng |
| 082 ## - DEWEY DECIMAL CLASSIFICATION NUMBER | |
| Edition number | 23 |
| Author mark and year | YUM 1967 |
| Classification number | 364.1323 |
| 110 1# - MAIN ENTRY--CORPORATE NAME | |
| Corporate name or jurisdiction name as entry element | Pakistan. |
| 9 (RLIN) | 159108 |
| 245 12 - TITLE STATEMENT | |
| Title | A manual of the anti-corruption laws of Pakistan : |
| Remainder of title | also contains rules, orders & notifications issued by the central & provincial government and the Indian & English anti-corruption acts / |
| Statement of responsibility, etc. | Zafar Yusuf. |
| 250 ## - EDITION STATEMENT | |
| Edition statement | 2d ed. |
| 260 ## - PUBLICATION, DISTRIBUTION, ETC. (IMPRINT) | |
| Place of publication, distribution, etc. | Karachi : |
| Name of publisher, distributor, etc. | Pakistan Pub. House, |
| Date of publication, distribution, etc. | 1967 |
| 300 ## - PHYSICAL DESCRIPTION | |
| Pagination | xx, 365 p. |
| Size | 25 cm. |
| 500 ## - GENERAL NOTE | |
| General note | Includes index. |
| 650 #0 - SUBJECT ADDED ENTRY--TOPICAL TERM | |
| Topical term or geographic name as entry element | Bribery |
| Geographic subdivision | Pakistan. |
| 9 (RLIN) | 159101 |
| 700 1# - ADDED ENTRY--PERSONAL NAME | |
| Personal name | Youssef, Zafer |
| 942 ## - ADDED ENTRY ELEMENTS (KOHA) | |
| Source of classification or shelving scheme | Dewey Decimal Classification |
| Koha item type | Books |
| Lost status | Source of classification or shelving scheme | Damaged status | Not for loan | Collection code | Permanent Location | Current Location | Shelving location | Date acquired | Source of acquisition | Cost, normal purchase price | Total Checkouts | Full call number | Date last seen | Copy number | Koha item type |
|---|---|---|---|---|---|---|---|---|---|---|---|---|---|---|---|
| Dewey Decimal Classification | Non-fiction | Central Library, University of Rajshahi | Central Library, University of Rajshahi | 20/02/1968 | Warsi book corporation | 20.00 | 364.1323 PAM 1967 | 04/10/2016 | C-2 | Books |